Pediatría. T.2. (Registro nro. 207)

Detalles MARC
000 -LEADER
fixed length control field 01954 am a2200517 a 4500
005 - FECHA ULTIMA MODIFICACION
control field 20120904181000.0
008 - CAMPO DE CONTROL (LIBRO)
fixed length control field 100331s1988||||cl a f |||| 001 0 spa d
020 ## - INTERNATIONAL STANDARD BOOK NUMBER
ISBN 9562200220
041 ## - CODIGO DE IDIOMA
Código de idioma del texto/pista de sonido o título separado spa
092 ## - SIGNATURA TOPOGRAFICA DEWEY LOCAL
número de clasificación 618.92
libristica 66
sección PED
245 ## - TITULO PROPIAMENTE DICHO
Título Pediatría. T.2.
Mención de responsabilidad y remanente de la transcripción de la portada Julio Meneghello Rivera
250 ## - MENCION DE EDICION
Mención de edición 3a ed. 2a reimp.
260 ## - PIE DE IMPRENTA
Lugar de publicación, distribución, etc Santiago [Chile] :
Nombre de la editorial, distribuidor, etc Mediterraneo,
Fecha de publicación 1988.
300 ## - DESCRIPCION FISICA
Extension 695-1559 p.
653 ## - TÉRMINO INDIZADO - PALABRAS CLAVES
Palabra clave Pediatría
653 ## - TÉRMINO INDIZADO - PALABRAS CLAVES
Palabra clave Oido, Nariz y Garganta
653 ## - TÉRMINO INDIZADO - PALABRAS CLAVES
Palabra clave Enfermedades del Aparato Respiratorio
653 ## - TÉRMINO INDIZADO - PALABRAS CLAVES
Palabra clave Enfermedades del Aparato Cardiovascular
653 ## - TÉRMINO INDIZADO - PALABRAS CLAVES
Palabra clave Metabolismo Hidrosalino y Equilibrio Acido Base
653 ## - TÉRMINO INDIZADO - PALABRAS CLAVES
Palabra clave Enfermedades de la Boca
653 ## - TÉRMINO INDIZADO - PALABRAS CLAVES
Palabra clave Enfermedades del Aparato Digestivo
653 ## - TÉRMINO INDIZADO - PALABRAS CLAVES
Palabra clave Enfermedades del Aparato Urinario
653 ## - TÉRMINO INDIZADO - PALABRAS CLAVES
Palabra clave Enfermedades de la Sangre
653 ## - TÉRMINO INDIZADO - PALABRAS CLAVES
Palabra clave Tumores
653 ## - TÉRMINO INDIZADO - PALABRAS CLAVES
Palabra clave Enfermedades del Sistema Endócrino
653 ## - TÉRMINO INDIZADO - PALABRAS CLAVES
Palabra clave Enfermedades Genéticas y Constitucionales Oseas
653 ## - TÉRMINO INDIZADO - PALABRAS CLAVES
Palabra clave Enfermedades Metabólicas
653 ## - TÉRMINO INDIZADO - PALABRAS CLAVES
Palabra clave Enfermedades del Sistema Nervioso
653 ## - TÉRMINO INDIZADO - PALABRAS CLAVES
Palabra clave Problemas Psicológicos y Psiquiátricos
653 ## - TÉRMINO INDIZADO - PALABRAS CLAVES
Palabra clave Oftalmología Pediátrica
653 ## - TÉRMINO INDIZADO - PALABRAS CLAVES
Palabra clave Enfermedades de la Piel
653 ## - TÉRMINO INDIZADO - PALABRAS CLAVES
Palabra clave Problemas Quirúrgicos y Ortopédicos
653 ## - TÉRMINO INDIZADO - PALABRAS CLAVES
Palabra clave Accidentes y Violencias
653 ## - TÉRMINO INDIZADO - PALABRAS CLAVES
Palabra clave Intoxicaciones
653 ## - TÉRMINO INDIZADO - PALABRAS CLAVES
Palabra clave Apendice 1: Medicamentos
653 ## - TÉRMINO INDIZADO - PALABRAS CLAVES
Palabra clave Apendice 2: Valores Normales de Laboratorio
700 1# - ENTRADAS SECUNDARIAS - NOMBRE PERSONAL
Nombre personal Meneghello Rivera, Julio
9 (RLIN) 344
700 1# - ENTRADAS SECUNDARIAS - NOMBRE PERSONAL
Nombre personal Fanta Nuñez, Enrique
9 (RLIN) 345
700 1# - ENTRADAS SECUNDARIAS - NOMBRE PERSONAL
Nombre personal Macaya Conde, Juan
9 (RLIN) 346
700 1# - ENTRADAS SECUNDARIAS - NOMBRE PERSONAL
Nombre personal Soriano P. Humberto
9 (RLIN) 347
930 ## - NUMERO DE INVENTARIO
Número de inventario 1888
930 ## - NUMERO DE INVENTARIO
Número de inventario 2268
942 ## - ADDED ENTRY ELEMENTS (KOHA)
Source of classification or shelving scheme Dewey Decimal Classification
Item type Libros
Existencias
Estado de retiro Existencia Fuente de clasificación Estado general Uso restringido No para prestamo Ubicación permanente ubicación actual Sala de ubicación Fecha de adquisición Total Checkouts Número de clasificación Código de barras Date last seen Date last borrowed Número de ejemplar Price effective from Koha tipo de elemento (item) Public note Coded location qualifier
    Dewey Decimal Classification   Restricted Access Not For Loan Biblioteca Medicina Biblioteca Medicina Circulación 13/05/2011 1 618.92 66 PED 1888 06/11/2014 30/08/2012 ej.1 13/05/2011 Libros Baja 2017 (Caja nro 3)  
    Dewey Decimal Classification   Restricted Access Not For Loan Biblioteca Medicina Biblioteca Medicina Circulación 13/05/2011   618.92 66 PED 2268 06/11/2014   ej.2 13/05/2011 Libros Baja 2017 (Caja nro 3)  

UNIVERSIDAD NACIONAL DEL COMAHUE
Biblioteca de la Facultad de Ciencias Médicas
Sede Toschi: Los Arrayanes y Av. Toschi, Cipolletti  - Rio Negro
Sede Los Tordos:  Yrigoyen al 2211, Cipolletti - Rio Negro 

Teléfono: 0299 - 4774707 int 25
Contacto: biblioteca@facimed.uncoma.edu.ar
© 2011 - 2026